La educación en el siglo XXI: los retos del futuro inmediato
Saved in:
| Hovedforfatter: | |
|---|---|
| Format: | Bog |
| Sprog: | spansk |
| Udgivet: |
Barcelona
Graó
1999
|
| Udgivelse: | 2a. ed |
| Serier: | Biblioteca del Aula. Serie Pedagogía: Teoría y Práctica, 136
|
| Fag: | |
| Tags: |
Tilføj Tag
Ingen Tags, Vær først til at tagge denne postø!
|
MARC
| LEADER | 00000cam a2200000 a 4500 | ||
|---|---|---|---|
| 001 | UCM1440 | ||
| 003 | CL-VaPUC | ||
| 005 | 20231115163007.0 | ||
| 008 | 020404e19990900SP |||||||||||||||||spa|d | ||
| 999 | |c 299898 |d 299896 | ||
| 020 | |a 8478272100 | ||
| 040 | |c Pontificia Universidad Católica de Valparaíso | ||
| 082 | 0 | 4 | |a 370.1 |b IMB |2 21 |
| 100 | |a Imbernón Muñoz, Francisco |e author |9 558233 | ||
| 245 | 1 | 3 | |a La educación en el siglo XXI: los retos del futuro inmediato |
| 250 | |a 2a. ed | ||
| 260 | |a Barcelona |b Graó |c 1999 | ||
| 300 | |a 180 p | ||
| 490 | 0 | |a Biblioteca del Aula. Serie Pedagogía: Teoría y Práctica, 136 | |
| 583 | |a last modification |c 20130122 09:54:44 |k Rodrigo Vera | ||
| 650 | 0 | |a Filosofía de la educación |9 258384 |x Aspectos sociales | |
| 650 | 0 | |a Educacion |x Fines y Objetivos |9 885922 | |
| 650 | 0 | |a Cambio educativo |9 533695 | |
| 942 | |c BK |2 ddc | ||
| 945 | |d 20020404 00:00:00 |a vberengu | ||
| 952 | |0 0 |1 0 |4 0 |6 370_100000000000000_IMB_1999 |7 0 |8 A |9 356933 |a BIBEDU |b BIBEDU |d 2019-11-21 |i 3805239 |o 370.1 IMB 1999 |p 3805239 |r 2019-11-21 |w 2019-11-21 |y BK |k EDU | ||
| 952 | |0 0 |1 0 |4 0 |6 370_100000000000000_IMB_1999 |7 0 |8 A |9 356934 |a BIBMAT |b BIBMAT |c E_DIDACT |d 2019-11-21 |i 494805K |o 370.1 IMB 1999 |p 494805K |r 2025-01-07 |w 2019-11-21 |y BK |k MAT | ||